Jak správně betonovat Praktická technologie betonářských prací

Bibliographic Details
Main Author: Kruliš, Jaroslav (Author)
Format: Book
Language:Czech
PhysicalDescription:74 s.
Published: Praha Státní nakladatelství technické literatury 1964
Series:Kurs technických znalostí
Na pomoc brigádám socialistické práce
Subjects:

MARC

LEADER 00000aam a2200000 a 4500
001 vtls001412600
003 SK-MaSNL
005 20260301012514.0
008 240314s1964 xr oa f 00000 cze
035 |a SNK000367318 
040 |a SNK  |b slo  |c SNK  |e AACR2 
041 0 |a cze 
044 |a xr  |c CZ 
072 7 |a 693  |x Murárske práce  |2 konspekt 
080 |a 693.5  |2 2001 
100 1 |a Kruliš, Jaroslav  |4 aut  |9 269757 
245 1 0 |a Jak správně betonovat  |b Praktická technologie betonářských prací  |c Jaroslav Kruliš 
260 |a Praha  |b Státní nakladatelství technické literatury  |c 1964 
300 |a 74 s. 
490 1 |a Kurs technických znalostí 
490 1 |a Na pomoc brigádám socialistické práce  |v Sv. 301 
650 0 7 |a betonárske práce  |2 SNKPH  |9 86909 
830 0 |a Kurs technických znalostí  |9 297641 
830 0 |a Na pomoc brigádám socialistické práce  |9 297642 
852 |a Štátna vedecká knižnica v Banskej Bystrici 
958 |a OND 
999 |c 553692  |d 555622 
952 |t P60, <04>, [BOOK], {604}  |a SNK  |b SNK  |y VYP  |7 0  |p 17A0299246  |o snkID 35734  |0 0  |1 0  |4 0  |d 2001-05-03  |l 0  |r 2005-01-02 00:00:00  |w 2026-02-23